ABNORMAL PSYCHOLOGY AN INTEGRATIVE (Record no. 20800)

MARC details
000 -LEADER
fixed length control field 00349nam a22001577a 4500
003 - CONTROL NUMBER IDENTIFIER
control field SGT
020 ## - INTERNATIONAL STANDARD BOOK NUMBER
International Standard Book Number 9789353502881
082 ## - DEWEY DECIMAL CLASSIFICATION NUMBER
Classification number 616.89,BAR
100 ## - MAIN ENTRY--PERSONAL NAME
Personal name BARLOW, DAVID. H.
245 ## - TITLE STATEMENT
Title ABNORMAL PSYCHOLOGY AN INTEGRATIVE
250 ## - EDITION STATEMENT
Edition statement 8TH
260 ## - PUBLICATION, DISTRIBUTION, ETC. (IMPRINT)
Place of publication, distribution, etc NEW DELHI
Name of publisher, distributor, etc CENAGE
Year of Publication 2020
300 ## - PAGE DESCRIPTION
No. of Pages 597
650 ## - SUBJECT ADDED ENTRY--TOPICAL TERM
Topical term or geographic name as entry element PSYCHOLOGY
942 ## - ADDED ENTRY ELEMENTS (KOHA)
Source of classification or shelving scheme Dewey Decimal Classification
Koha item type Books
942 ## - ADDED ENTRY ELEMENTS (KOHA)
-- 74
Holdings
Withdrawn status Lost status Source of classification or shelving scheme Damaged status Use restrictions Not for loan Collection code Home library Current library Shelving location Date acquired Vendor Name Cost, normal purchase price SGTU Bill Number Total Checkouts Full call number Accession No. (Barcode) Date last seen Date last borrowed Bill Date Koha item type
    Dewey Decimal Classification   Restricted Access Not For Loan ENGINEERING SGT Engineering Library SGT Engineering Library Reference Book 18/02/2021 AHUJA BOOK COMPANY PVT. LTD 825.00 SGTU 12615 4 616.89,BAR FE8072 27/05/2024 07/05/2024   Books
    Dewey Decimal Classification       ENGINEERING SGT Engineering Library SGT Engineering Library Text Book 18/02/2021 AHUJA BOOK COMPANY PVT. LTD 825.00 SGTU 12615 22 616.89,BAR FE8073 12/03/2026 16/02/2026   Books
    Dewey Decimal Classification       ENGINEERING SGT Engineering Library SGT Engineering Library Text Book 18/02/2021 AHUJA BOOK COMPANY PVT. LTD 825.00 SGTU 12615 41 616.89,BAR FE8074 19/02/2026 12/02/2026   Books
    Dewey Decimal Classification       ENGINEERING SGT Engineering Library SGT Engineering Library Text Book 18/02/2021 AHUJA BOOK COMPANY PVT. LTD 825.00 SGTU 12615 26 616.89,BAR FE8075 09/03/2026 21/01/2026   Books